000 005570000a22001210004500
100 1 _aGaray, Juan Carlos
245 1 0 _aSomos Pacífico : Choc-Quib-Town : del Chocó para Colombia
300 _aVol.0, núm.12 (Septiembre, 2006), Página 17
500 _aEscritor y crítico musical.
520 _aA mediados de octubre aparecerá el primer disco de Choc-Quib-Town, una de las más gratas sorpresas de la nueva música colombiana. ¿De dónde salió esta mezcla de rap y folclor chocoano?
773 0 _tArcadia / Andrés Felipe Solano, Editor
942 _cANA
999 _c61823
_d61823